Toque de difuntos

Gardado en:
Detalles Bibliográficos
Autor Principal: Rivas, Ramiro (Author)
Formato: Libro
Idioma:Lingua castelá
Publicado: Santiago Cerro Huelén 1986
Subjects:
Tags: Engadir etiqueta
Sen Etiquetas, Sexa o primeiro en etiquetar este rexistro!

MARC

LEADER 00000nam a2200000 a 4500
001 UCW8261
003 CL-VaPUC
008 880727e19860000CL |||||||||||||||||spa|d
082 0 4 |a Ch863  |b RIV  |2 21 
100 0 |a Rivas, Ramiro  |e author  |9 313386 
245 1 0 |a Toque de difuntos 
300 |a 87 p 
942 |c BK 
945 |d 19880727 00:00:00 
260 |a Santiago  |b Cerro Huelén  |c 1986 
650 0 |a Cuentos chilenos   |9 308280 
583 |a last modification  |c 19880727 00:00:00  |k Rodrigo Vera 
999 |c 220697  |d 220695 
952 |0 0  |1 0  |4 0  |6 CH_863_000000000000000_RIV_1986  |7 0  |8 A  |9 213238  |a BIBEDU  |b BIBEDU  |d 2019-11-15  |i 281577K  |o Ch863 RIV 1986  |p 281577K  |r 2019-11-15  |w 2019-11-15  |y BK  |k LIT